000 00333nam a2200121 i 4500
001 bg
245 0 _aIzmerenie poglaščennoj dozy v nejtronnych poljach i v smesannych poljach gamma-izlučenie i nejtrony.
260 _aMoskva,
_c1964.
040 _cBPK
041 _apol
942 _cKS
008 s pl f |000 0 pol
999 _c12836
_d12836
856 _uhttp://koha.tu.koszalin.pl/cgi-bin/koha/opac-detail.pl?biblionumber=12836
_yKatalog online BPK